00382nam a2200109Ia 4500008004100000082000800041100001500049245009000064942000600154952009700160999001500257240331s9999 xx 000 0 und d bKUR aKurian, R  4aThe exploitation of Women on the plantation :bTamil women workers on tea plantations cL 001040708LaWERCLbWERCLcSSCd2024-03-31l0o 331.62 KURp400r2024-03-31w2024-03-31yL c2651d2651